|
|
|
|
| LEADER |
07066nam a22004213i 4500 |
| 001 |
EBC30686330 |
| 003 |
MiAaPQ |
| 005 |
20231204023231.0 |
| 006 |
m o d | |
| 007 |
cr cnu|||||||| |
| 008 |
231204s2020 xx o ||||0 fre d |
| 020 |
|
|
|a 9783034339469
|q (electronic bk.)
|
| 020 |
|
|
|z 9783034337717
|
| 035 |
|
|
|a (MiAaPQ)EBC30686330
|
| 035 |
|
|
|a (Au-PeEL)EBL30686330
|
| 035 |
|
|
|a (OCoLC)1229525441
|
| 040 |
|
|
|a MiAaPQ
|b eng
|e rda
|e pn
|c MiAaPQ
|d MiAaPQ
|
| 100 |
1 |
|
|a Duvoisin, Aline.
|
| 245 |
1 |
0 |
|a Les Origines du Baby-Boom en Suisse Au Prisme des Parcours Féminins.
|
| 250 |
|
|
|a 1st ed.
|
| 264 |
|
1 |
|a Bern :
|b Peter Lang AG International Academic Publishers,
|c 2020.
|
| 264 |
|
4 |
|c {copy}2020.
|
| 300 |
|
|
|a 1 online resource (320 pages)
|
| 336 |
|
|
|a text
|b txt
|2 rdacontent
|
| 337 |
|
|
|a computer
|b c
|2 rdamedia
|
| 338 |
|
|
|a online resource
|b cr
|2 rdacarrier
|
| 490 |
1 |
|
|a Population, Famille et Société / Population, Family, and Society Series ;
|v v.35
|
| 505 |
0 |
|
|a Cover -- Series Information -- Copyright Information -- Avant-propos -- Table des matières -- Introduction -- 1. Le baby-boom : une exception aux causes inexpliquées -- 1.1 Les explications économiques -- 1.2 Les explications démographiques et socioculturelles -- 1.3 Un renouveau des études sur la genèse du baby-boom -- 2. Données et méthodes -- 2.1 Données -- 2.1.1 Le recensement fédéral de la population -- 2.1.2 L'enquête «τ̔̈Α«·Vivre, Leben, Vivere - Démocratisation de la vieillesse ? Progrès et inégalités en Suisse » (VLV) 25 -- 2.1.2.1 Le calendrier de vie : un outil de collecte biographique minimisant les erreurs de mémoire -- 2.1.2.2 Le calendrier de vie dans VLV : le travail sur la qualité des données récoltées -- 2.1.2.3 La représentativité des données de fécondité de l'enquête VLV -- 2.1.3 «τ̔̈Α«·Comprendre le baby-boom en Suisse : une enquête qualitative » -- 2.2.1 Au croisement de la démographie et du parcours de vie : l'approche biographique,Encadré 2.1 : Le paradigme du parcours de vie -- 2.2 Une approche méthodologique mixte -- 2.2.2 Le recours à des données plurielles -- 2.2.3 Des méthodes statistiques complémentaires -- 2.3 Opérationnalisation,Encadré 2.2 : Construction d'un indicateur résumant le lieu de résidence principal durant l'enfance -- 3. Le baby-boom en Suisse : ses spécificités nationales -- 3.1 Le baby-boom en Suisse -- 3.1.1 Temporalité et volume -- 3.1.2 Les comportements féconds et nuptiaux des mères des baby-boomers : un tour d'horizon -- 3.2 Les différentiels de fécondité durant le baby-boom : un aspect négligé,Encadré 3.1 : Les niveaux de formation féminins en Suisse -- 4. Les mères des baby-boomers : une socialisation durant l'entre-deux-guerres -- 4.1 La socialisation : enjeux en contexte -- 4.2 «τ̔̈Α«·Kinder, Küche, Kirche »τ̔̈Α«·: éducation et socialisation genrées -- 4.2.1 La famille et l'enfance.
|
| 505 |
8 |
|
|a 4.2.2 L'instruction des jeunes filles : Décliner un projet éducatif au féminin -- 4.2.3 Un parcours scolaire aux horizons limités -- 4.2.4 Discours religieux et éducation chrétienne -- 4.3 Une entrée dans l'âge adulte contrôlée et encadrée -- 4.3.1 Les dangers et les tabous de la sexualité à l'orée de l'âge adulte -- 4.3.2 Les mouvements de jeunesse -- 4.3.3 Un nouvel idéal de féminité à travers la culture de masse -- 4.4 La réaffirmation des horizons bornés : les élites politiques masculines contre le travail féminin -- 4.4.1 Les discours politiques et l'(in)égalité des genres -- 4.4.2 L'esprit des lois et la pression institutionnelle : la femme adulte, toujours subordonnée et contrôlée -- 4.5 L'entre-deux-guerres : une période de socialisation empreinte d'ambiguïté -- 5. Les mères des baby-boomers : quelles conciliations entre sphères familiale et professionnelle ? -- 5.1 Analyses de séquences de la constitution de la famille 75 -- 5.2 Un pôle a priori familialiste -- 5.3 Un pôle professionnel diversifié -- 5.3.1 Les femmes actives de formation supérieure et leur contexte de socialisation -- 5.3.2 Les enjeux de la conciliation pour les femmes de formation inférieure -- 5.4 Discussion -- 6. Constitution de la famille et interactions avec les trajectoires d'activité au sein du mariage -- 6.1 Emploi féminin et famille : deux faces d'une même pièce ? -- 6.2 La diversité des trajectoires familiales et professionnelles et de leurs interrelations -- 6.3 L'approche biographique -- 6.4 Les étapes de la constitution familiale -- 6.4.1 Premier mariage -- 6.4.2 Du mariage à la parentalité -- 6.4.3 Avoir un deuxième enfant et participer à l'établissement d'une norme en devenir -- 6.4.4 Avoir un troisième enfant et dépasser la norme -- 6.5 Les accidents contraceptifs au sein du mariage : une évaluation -- 6.6 Les trajectoires professionnelles.
|
| 505 |
8 |
|
|a 6.6.1 Interruption d'activité la même année que le premier mariage -- 6.6.2 Reprise d'emploi après une interruption survenue durant la période maritale -- 6.7 Conclusion du chapitre -- 7. L'infécondité durant le baby-boom : une trajectoire non-normative genrée -- 7.1 L'infécondité et ses facteurs -- 7.2 Une approche quantitative de l'infécondité -- 7.3 La rationalité des comportements reproductifs questionnée -- 7.4 Conclusion du chapitre -- Conclusion -- Le mariage-boom : une évolution au coeur des normes -- Une hétérogénéité prononcée -- Une rationalité féconde à relativiser -- Du baby-boom au baby-bust, une rupture plutôt progressive -- Vers une nouvelle approche du baby-boom ? -- Annexes -- Annexe 1 : Exemple de calendrier de vie présent dans l'enquête VLV -- Liste des figures -- Liste des tableaux -- Bibliographie.
|
| 520 |
|
|
|a L'étude propose une réflexion sur les mécanismes ayant conduit au baby-boom en Suisse. Dans une perspective de parcours de vie et en recourant à des méthodes mixtes, l'interrelation des trajectoires familiales et professionnelles des cohortes féminines est examinée au regard du système de valeurs promulgué dans la société suisse de l'époque.
|
| 588 |
|
|
|a Description based on publisher supplied metadata and other sources.
|
| 590 |
|
|
|a Electronic reproduction. Ann Arbor, Michigan : ProQuest Ebook Central, 2023. Available via World Wide Web. Access may be limited to ProQuest Ebook Central affiliated libraries.
|
| 655 |
|
4 |
|a Electronic books.
|
| 776 |
0 |
8 |
|i Print version:
|a Duvoisin, Aline
|t Les Origines du Baby-Boom en Suisse Au Prisme des Parcours Féminins
|d Bern : Peter Lang AG International Academic Publishers,c2020
|z 9783034337717
|
| 797 |
2 |
|
|a ProQuest (Firm)
|
| 830 |
|
0 |
|a Population, Famille et Société / Population, Family, and Society Series
|
| 856 |
4 |
0 |
|u https://ebookcentral.proquest.com/lib/matrademy/detail.action?docID=30686330
|z Click to View
|